African development report 2014 : regional integration for inclusive growth.

Bibliographic Details
Format: Book
Published: Abidjan: African Development Bank, 2014.
Subjects:
LEADER 00465cam a2200133 7i4500
001 0000032487
005 20150702090000.0
090 0 0 |a AFRI 338.9600521   |b AFR 
245 0 0 |a African development report 2014 :   |b regional integration for inclusive growth. 
260 0 0 |a Abidjan:   |b African Development Bank,   |c 2014. 
300 # # |a 115 pages. 
651 0 0 |a Africa --   |x Economic conditions  
651 0 0 |a Africa --   |x Economic policy  
999 |a 0000035912  |b Book  |c Regions  |e Business Information Centre